000 00715cam a22002172 4500
001 0000008819
005 20151217152042.0
008 080610s xx 000 0 eng d
020 _a9966463615 :
_cKES 205
040 _aKABU
_cKABU
100 1 _aBukenya, Austin Lwanga.
_@0000159585
245 1 4 _aThe Bride :
_ba playb in four movements /
_c Austin Lwanga Bukenya.
260 _aNairobi :
_bE. A. E. P.,
_c1987.
300 _ax, 59 p.
908 _a080610
950 _@1
999 _c7739
_d7739